[Event "USCL Week 8"]
[Site "Internet Chess Club"]
[Date "2014.10.14"]
[Round "?"]
[White "Gorman, Dov"]
[Black "Hungaski, Robert"]
[Result "0-1"]
[WhiteElo "2400"]
[BlackElo "2551"]
[PlyCount "132"]
[EventDate "2014.??.??"]

1. d4 Nf6 2. Nf3 g6 3. Bg5 Bg7 4. Nbd2 d5 5. e3 O-O 6. Bd3 c5 7. c3 Nbd7 8. O-O
b6 9. b4 a5 10. bxc5 bxc5 11. Rb1 a4 12. Qe2 Qa5 13. Rb5 Qa7 14. c4 Ba6 15. Rb2
cxd4 16. cxd5 Bxd3 17. Qxd3 Nxd5 18. Nxd4 Bxd4 19. exd4 Rab8 20. Rfb1 Rxb2 21.
Rxb2 Rc8 22. Nf3 Qc7 23. h3 e6 24. Qa6 Qc6 25. Qxc6 Rxc6 26. Rb7 Rc7 27. Rb5 f6
28. Bd2 g5 29. a3 Kf7 30. Ne1 N7b6 31. Ba5 Rc1 32. Kh2 Nc8 33. Nd3 Rd1 34. Rb7+
Nce7 35. Nb4 Kg6 36. Bd8 Nxb4 37. Bxe7 Nc6 38. Bc5 h5 39. Rb6 Nxd4 40. Rb4 Nb3
41. Be3 f5 42. g3 Na1 43. Rxa4 Nc2 44. Ra6 Kf6 45. Rc6 Nxe3 46. fxe3 Rd3 47. a4
Rxe3 48. a5 Re2+ 49. Kg1 Ra2 50. Ra6 Ke5 51. Kh1 g4 52. hxg4 hxg4 53. Kg1 Kd5
54. Ra8 Ke4 55. Ra6 Kf3 56. Rxe6 Kxg3 57. Re3+ Kf4 58. Rb3 g3 59. Rb4+ Kf3 60.
Rb3+ Kg4 61. a6 f4 62. a7 Ra1+ 63. Kg2 f3+ 64. Rxf3 Ra2+ 65. Kg1 Kxf3 66. a8=Q+
Rxa8 0-1

[Event "USCL Week 8"]
[Site "Internet Chess Club"]
[Date "2014.10.14"]
[Round "?"]
[White "Krasik, Ilya"]
[Black "Kaden, Greg"]
[Result "1-0"]
[WhiteElo "2264"]
[BlackElo "2170"]
[PlyCount "97"]
[EventDate "2014.??.??"]

1. d4 b6 2. e4 Bb7 3. Bd3 e6 4. Nf3 c5 5. c3 Nf6 6. e5 Nd5 7. O-O f5 8. a3 cxd4
9. c4 Nc7 10. Nxd4 Bc5 11. Nb3 Be7 12. Qh5+ g6 13. Qh6 Bf8 14. Qh3 Nc6 15. Re1
Bg7 16. Qg3 O-O 17. Nc3 Qe7 18. Bf4 Qf7 19. h4 h6 20. Rad1 Kh8 21. Qh2 Rad8 22.
Bf1 Rg8 23. Re3 Bf8 24. Ree1 Qh7 25. Rd3 Be7 26. Rh3 Kg7 27. Rd1 Kf7 28. Nd2
Qg7 29. Nf3 Ke8 30. Rg3 Rc8 31. Nd5 exd5 32. cxd5 Nxd5 33. Rxd5 Nd8 34. Rd1 Ne6
35. Bd2 Nc5 36. Bc3 Ne4 37. e6 Rxc3 38. exd7+ Kd8 39. Rxg6 Bd6 40. Rdxd6 Qf7
41. Ne5 Qf8 42. Rxg8 Qxg8 43. Rg6 Qd5 44. Rxh6 Rc1 45. Rh8+ Ke7 46. Re8+ Kf6
47. d8=Q+ Qxd8 48. Rxd8 Ba6 49. Nd3 1-0

[Event "USCL Week 8"]
[Site "Internet Chess Club"]
[Date "2014.10.14"]
[Round "?"]
[White "Defibaugh, Jared"]
[Black "Gonzalez, Federico"]
[Result "0-1"]
[WhiteElo "2325"]
[BlackElo "2315"]
[PlyCount "138"]
[EventDate "2014.??.??"]

1. d4 e6 2. c4 Nf6 3. Nc3 c5 4. d5 exd5 5. cxd5 d6 6. e4 g6 7. Nge2 Bg7 8. f3
O-O 9. Ng3 Na6 10. Be2 Nc7 11. Be3 b5 12. Qd2 b4 13. Nd1 Bd7 14. Bh6 Nb5 15.
Bxb5 Bxb5 16. h4 Nd7 17. Bxg7 Kxg7 18. h5 Qe7 19. Ne3 Kg8 20. O-O-O Ne5 21. Kb1
Qf6 22. Rh3 a5 23. Rdh1 Ra7 24. Rh4 a4 25. f4 Nc4 26. Nxc4 Bxc4 27. e5 dxe5 28.
Ne4 Qf5 29. Re1 Rd8 30. g4 Qxf4 31. Qxf4 exf4 32. Nf6+ Kg7 33. g5 h6 34. Rxf4
Bd3+ 35. Kc1 hxg5 36. h6+ Kh8 37. Rf3 Bb5 38. Rfe3 Ra6 39. Ne8 Rxe8 40. Rxe8+
Bxe8 41. Rxe8+ Kh7 42. Rd8 g4 43. Kd2 Kxh6 44. Ke3 Kg5 45. Rc8 Rf6 46. Rxc5 Rf5
47. Ke4 Rf4+ 48. Ke3 f5 49. d6 Re4+ 50. Kd3 Re8 51. d7 Rd8 52. Rd5 Kf6 53. Ke3
Ke6 54. Rd4 Rxd7 55. Rxb4 Ra7 56. Rb6+ Ke5 57. Rxg6 Rb7 58. Ra6 Rb4 59. Ra8
Re4+ 60. Kf2 Kf4 61. b3 axb3 62. axb3 Rb4 63. Ra3 Kg5 64. Kg2 Kh4 65. Kh2 f4
66. Ra4 Rxa4 67. bxa4 f3 68. a5 g3+ 69. Kg1 Kh3 0-1

[Event "USCL Week 8"]
[Site "Internet Chess Club"]
[Date "2014.10.14"]
[Round "?"]
[White "Gonzalez, Renier"]
[Black "Kaufman, Larry"]
[Result "1/2-1/2"]
[WhiteElo "2510"]
[BlackElo "2391"]
[PlyCount "123"]
[EventDate "2014.??.??"]

1. e4 e5 2. Nf3 Nc6 3. Bb5 Nf6 4. d3 Bc5 5. Bxc6 dxc6 6. Be3 Qe7 7. O-O Bg4 8.
Nbd2 Nd7 9. h3 Bh5 10. Re1 f6 11. Nf1 Bf7 12. c3 O-O 13. d4 Bd6 14. N1d2 Rfe8
15. Nh4 g6 16. Nhf3 Rad8 17. Qc2 a6 18. a3 Qf8 19. b4 Qg7 20. Nb3 b6 21. c4
exd4 22. Nfxd4 c5 23. Nc6 Ra8 24. bxc5 bxc5 25. Rad1 Qf8 26. Nca5 Rab8 27. f4
Rb6 28. Bc1 Qe7 29. Re2 g5 30. e5 fxe5 31. fxg5 e4 32. Rf1 Bg6 33. Be3 Ne5 34.
Qc3 Nd3 35. Qf6 Bh2+ 36. Kxh2 Rxf6 37. gxf6 Qd6+ 38. Kg1 Rf8 39. Nb7 Qe5 40.
N7xc5 Rxf6 41. Rxf6 Qxf6 42. Nxd3 exd3 43. Rf2 Qc3 44. Bh6 Bf7 45. Nd2 Qa1+ 46.
Kh2 Qe5+ 47. Kg1 Qe6 48. Bf4 c5 49. Rf3 Qe1+ 50. Kh2 Qe2 51. Re3 Qf2 52. Bh6
Qf6 53. Rg3+ Bg6 54. Rf3 Qd6+ 55. Bf4 Qd4 56. Bh6 Qe5+ 57. Kh1 Bf7 58. Rxd3 Bg6
59. Rf3 Bf7 60. Rd3 Bg6 61. Rf3 Bf7 62. Rd3 1/2-1/2

[Event "USCL Week 8"]
[Site "Internet Chess Club"]
[Date "2014.10.14"]
[Round "?"]
[White "Shmelov, Denys"]
[Black "Brattain, Mika"]
[Result "1/2-1/2"]
[WhiteElo "2473"]
[BlackElo "2453"]
[PlyCount "138"]
[EventDate "2014.??.??"]

1. d4 d6 2. c4 e5 3. Nc3 exd4 4. Qxd4 Nf6 5. b3 Nc6 6. Qd2 g6 7. Bb2 Bg7 8. Nf3
O-O 9. g3 Ng4 10. Bg2 Nge5 11. O-O a5 12. Rac1 Re8 13. Rfd1 Nxf3+ 14. Bxf3 Nd4
15. Nd5 Nxf3+ 16. exf3 Be6 17. Bxg7 Kxg7 18. Qd4+ f6 19. c5 Ra6 20. Nf4 Bf7 21.
Qa4 g5 22. Nd5 dxc5 23. Ne3 Qc8 24. Rxc5 Rd8 25. Rdc1 Rd7 26. Rxa5 Rxa5 27.
Qxa5 Qd8 28. Qc3 c6 29. Nf5+ Kg6 30. Ne3 Rd2 31. Rc2 Rd3 32. Qc5 Qd4 33. Qxd4
Rxd4 34. Kf1 f5 35. Ke2 f4 36. Nd1 Kf5 37. Rc5+ Rd5 38. Rxd5+ Bxd5 39. Nc3 Be6
40. Ne4 b6 41. Kd3 h6 42. Nc3 Ke5 43. Kd2 b5 44. Ne4 Kd4 45. Nc3 b4 46. Ne2+
Ke5 47. Kd3 c5 48. Kd2 Bd5 49. gxf4+ gxf4 50. Ng1 c4 51. Kc2 Be6 52. bxc4 Bxc4
53. Kb2 Bf1 54. Kb3 Kd4 55. Kxb4 Kd3 56. Kc5 Kd2 57. Kd4 Ke1 58. Ke5 Kxf2 59.
Kxf4 Kxg1 60. Kg3 Bc4 61. a4 Kf1 62. f4 Ke2 63. Kg4 Ke3 64. Kf5 Kd4 65. Kg6 Ke3
66. f5 Bd3 67. Kxh6 Bxf5 68. Kg5 Bd3 69. a5 Kd4 1/2-1/2

[Event "USCL Week 8"]
[Site "Internet Chess Club"]
[Date "2014.10.15"]
[Round "?"]
[White "So, Wesley"]
[Black "Zapata, Alonso"]
[Result "1-0"]
[WhiteElo "2751"]
[BlackElo "2555"]
[PlyCount "75"]
[EventDate "2014.??.??"]

1. c4 e5 2. Nc3 Nc6 3. g3 g6 4. Bg2 Bg7 5. d3 Nf6 6. Nf3 O-O 7. O-O d6 8. Rb1
a5 9. a3 h6 10. b4 axb4 11. axb4 Be6 12. Nd2 Rb8 13. b5 Ne7 14. Ba3 Qd7 15. Ra1
Bh3 16. Nde4 Bxg2 17. Kxg2 Ne8 18. c5 f5 19. cxd6 cxd6 20. Qb3+ Kh7 21. Nd2 Rd8
22. Rac1 Nf6 23. Rc2 Nc8 24. b6 Qf7 25. Nb5 Qxb3 26. Nxb3 Nd5 27. Na5 Rd7 28.
Rb1 Rfd8 29. Nxd6 Nxd6 30. Bxd6 Ra8 31. Nc4 e4 32. dxe4 fxe4 33. Rb5 Nc3 34.
Rc5 Rad8 35. Bc7 Rf8 36. Be5 Nd1 37. e3 Rdf7 38. Rc7 1-0

[Event "USCL Week 8"]
[Site "Internet Chess Club"]
[Date "2014.10.15"]
[Round "?"]
[White "Martinez, Leo"]
[Black "Larson, Matthew"]
[Result "0-1"]
[WhiteElo "2266"]
[BlackElo "2251"]
[PlyCount "90"]
[EventDate "2014.??.??"]

1. e4 c5 2. Nf3 d6 3. Bb5+ Bd7 4. Bxd7+ Qxd7 5. O-O Nf6 6. Re1 Nc6 7. c3 e6 8.
d4 cxd4 9. cxd4 d5 10. e5 Ne4 11. Nbd2 Nxd2 12. Bxd2 Be7 13. Rc1 O-O 14. Bg5
Rac8 15. Qd3 h6 16. Bxe7 Nxe7 17. Qa3 Rxc1 18. Rxc1 Rc8 19. Rxc8+ Qxc8 20. g3
Qc1+ 21. Kg2 Nc6 22. Qb3 b6 23. h4 Qc4 24. Qxc4 dxc4 25. a3 b5 26. Kf1 Na5 27.
Ke2 Nb3 28. Kd1 a5 29. a4 b4 30. Ke2 Kf8 31. Ke3 Ke7 32. g4 Kd7 33. h5 Kc6 34.
Ke4 Nc1 35. Ne1 b3 36. d5+ exd5+ 37. Kd4 Ne2+ 38. Ke3 Nc3 39. Nf3 Nd1+ 40. Ke2
Nxb2 41. Nd4+ Kd7 42. Nf5 Nxa4 43. Kd2 c3+ 44. Kd3 c2 45. Kd2 Nc5 0-1

[Event "USCL Week 8"]
[Site "Internet Chess Club"]
[Date "2014.10.15"]
[Round "?"]
[White "Vasquez III, Simon"]
[Black "Golub, David"]
[Result "0-1"]
[WhiteElo "2169"]
[BlackElo "2270"]
[PlyCount "60"]
[EventDate "2014.??.??"]

1. e4 c5 2. Nc3 a6 3. Nf3 d6 4. d4 cxd4 5. Nxd4 Nf6 6. Be2 e5 7. Nf3 Be7 8. h3
h6 9. Be3 Be6 10. O-O Nbd7 11. a4 Rc8 12. Nd2 O-O 13. a5 d5 14. exd5 Nxd5 15.
Nxd5 Bxd5 16. Bf3 Nf6 17. Bb6 Qe8 18. Re1 Bxf3 19. Nxf3 e4 20. Nd4 Bc5 21. Bxc5
Rxc5 22. c3 Qc8 23. Qb3 Rg5 24. Kh1 Re8 25. Nc2 Ree5 26. Ne3 Rh5 27. Kh2 Rxh3+
28. gxh3 Rh5 29. Ng4 Nxg4+ 30. Kg2 Qf5 0-1

[Event "USCL Week 8"]
[Site "Internet Chess Club"]
[Date "2014.10.15"]
[Round "?"]
[White "Casella, Michael"]
[Black "Noble, Matthew"]
[Result "1-0"]
[WhiteElo "2262"]
[BlackElo "2084"]
[PlyCount "57"]
[EventDate "2014.??.??"]

1. c4 e6 2. g3 Nf6 3. d4 d5 4. Nf3 Be7 5. Bg2 O-O 6. O-O dxc4 7. Qc2 a6 8. Qxc4
b5 9. Qc2 Bb7 10. Bd2 Ra7 11. a3 Nbd7 12. Ba5 Qa8 13. b4 e5 14. dxe5 Nxe5 15.
Nbd2 Bd6 16. Rac1 Bd5 17. Rfd1 Nc6 18. e4 Nxa5 19. exd5 Nb7 20. Nd4 Nd8 21. Ne4
Nxe4 22. Qxe4 Qc8 23. Nf5 Nb7 24. Qd4 Qxf5 25. Qxa7 Nd8 26. Qxa6 h5 27. Qxb5
Ne6 28. Qd3 Qxd3 29. Rxd3 1-0

[Event "USCL Week 8"]
[Site "Internet Chess Club"]
[Date "2014.10.15"]
[Round "?"]
[White "Eckert, Doug"]
[Black "Francisco, Richard"]
[Result "0-1"]
[WhiteElo "2281"]
[BlackElo "2382"]
[PlyCount "90"]
[EventDate "2014.??.??"]

1. c4 Nf6 2. g3 e5 3. Bg2 c6 4. d4 exd4 5. Qxd4 d5 6. cxd5 cxd5 7. Nf3 Nc6 8.
Qd1 Be7 9. O-O O-O 10. Nbd2 Re8 11. Nb3 Ne4 12. Be3 Bf6 13. Nbd4 Bg4 14. Rc1
Rc8 15. Qa4 Qd7 16. Nxc6 bxc6 17. Bd4 c5 18. Qxd7 Bxd7 19. Bxf6 Nxf6 20. e3 Bf5
21. Rfd1 Red8 22. Ne5 c4 23. g4 Nxg4 24. Nxg4 Bxg4 25. Rxd5 Be6 26. Rxd8+ Rxd8
27. Bf1 Rc8 28. Rc3 Kf8 29. b3 cxb3 30. Rxc8+ Bxc8 31. axb3 Ke7 32. Bd3 a5 33.
Bc4 f6 34. Kf1 Kd6 35. Ke2 Kc5 36. Kd3 Kb4 37. f3 g5 38. Kd4 Bh3 39. Bg8 h5 40.
Ke4 Kc3 41. Bf7 h4 42. f4 g4 43. Be6 Bg2+ 44. Kf5 g3 45. hxg3 h3 0-1

[Event "USCL Week 8"]
[Site "Internet Chess Club"]
[Date "2014.10.15"]
[Round "?"]
[White "Gurevich, Daniel"]
[Black "Finegold, Ben"]
[Result "0-1"]
[WhiteElo "2393"]
[BlackElo "2591"]
[PlyCount "94"]
[EventDate "2014.??.??"]

1. e4 c5 2. Nf3 d6 3. d4 cxd4 4. Nxd4 Nf6 5. Nc3 g6 6. Be3 Bg7 7. f3 O-O 8. Qd2
Nc6 9. O-O-O Nxd4 10. Bxd4 Be6 11. Kb1 Rc8 12. g4 Nd7 13. Bxg7 Kxg7 14. h4 Qa5
15. h5 g5 16. Bb5 Bxa2+ 17. Kc1 Rxc3 18. h6+ Kh8 19. Bxd7 Rc5 20. Qxa5 Rxa5 21.
b3 Rd8 22. Bf5 e6 23. Kb2 exf5 24. exf5 Bxb3 25. cxb3 Kg8 26. Rc1 Rc5 27. f6
Kf8 28. b4 Rb5 29. Ka3 d5 30. Rhd1 a5 31. Rc7 axb4+ 32. Kb3 Re8 33. f4 gxf4 34.
g5 f3 35. Rdc1 d4 36. Rd7 Rxg5 37. Rcc7 Kg8 38. Rxf7 Rf8 39. Rg7+ Rxg7 40. fxg7
Rd8 41. Rc1 d3 42. Rf1 d2 43. Rd1 f2 44. Kc2 b3+ 45. Kb2 f1=Q 46. Rxf1 d1=Q 47.
Rf2 Qd4+ 0-1

[Event "USCL Week 8"]
[Site "Internet Chess Club"]
[Date "2014.10.15"]
[Round "?"]
[White "Xiong, Jeffery"]
[Black "Bhat, Vinay"]
[Result "1-0"]
[WhiteElo "2542"]
[BlackElo "2555"]
[PlyCount "75"]
[EventDate "2014.??.??"]

1. e4 e6 2. d4 d5 3. Nd2 Nf6 4. e5 Nfd7 5. Bd3 c5 6. c3 Nc6 7. Ne2 cxd4 8. cxd4
f6 9. exf6 Nxf6 10. O-O Bd6 11. Nf3 Qc7 12. Nc3 a6 13. Be3 O-O 14. Rc1 Bd7 15.
h3 Rae8 16. Na4 Qd8 17. Nc5 Bc8 18. Nxa6 e5 19. dxe5 Nxe5 20. Nc5 Nfg4 21. Ng5
h6 22. hxg4 Nxg4 23. Nxb7 Bh2+ 24. Kh1 Qd7 25. Nc5 Qd6 26. Nce4 Qb8 27. Qb3
Qxb3 28. axb3 dxe4 29. Bc4+ Kh8 30. Nf7+ Kh7 31. Bc5 Bf4 32. Rc3 Rxf7 33. Bxf7
Rd8 34. f3 Nf6 35. Be7 Rd7 36. Bxf6 Rxf7 37. Rxc8 gxf6 38. Rc4 1-0

[Event "USCL Week 8"]
[Site "Internet Chess Club"]
[Date "2014.10.15"]
[Round "?"]
[White "Ramachandran, Karthik"]
[Black "Taghizadeh, Rayan"]
[Result "1-0"]
[WhiteElo "2257"]
[BlackElo "2172"]
[PlyCount "81"]
[EventDate "2014.??.??"]

1. d4 Nf6 2. c4 e6 3. Nc3 Bb4 4. Nf3 d5 5. cxd5 exd5 6. Bg5 O-O 7. e3 h6 8. Bh4
g5 9. Bg3 Ne4 10. Nd2 c5 11. Ndxe4 dxe4 12. Bc4 b5 13. Bb3 Qe7 14. Qh5 Kh7 15.
dxc5 Bxc3+ 16. bxc3 Qxc5 17. O-O Be6 18. Bxe6 fxe6 19. Rfd1 Qf5 20. Rd6 a5 21.
Rad1 Ra7 22. Rd8 Raf7 23. h3 Rxd8 24. Rxd8 Nd7 25. Qd1 Nf8 26. Qd6 h5 27. Qd2
e5 28. Qd5 Ng6 29. Re8 h4 30. Bxe5 Qxf2+ 31. Kh2 Qf5 32. Qxb5 g4 33. hxg4 Qxg4
34. Qd5 Rf2 35. Qg8+ Kh6 36. Bg7+ Kg5 37. Qd5+ Rf5 38. Qd8+ Kh5 39. Qd6 Qg5 40.
Rxe4 Rf2 41. Qd1+ 1-0

[Event "USCL Week 8"]
[Site "Internet Chess Club"]
[Date "2014.10.15"]
[Round "?"]
[White "Wheeler, Cameron"]
[Black "Guadalupe II, Francisco"]
[Result "1/2-1/2"]
[WhiteElo "2368"]
[BlackElo "2351"]
[PlyCount "120"]
[EventDate "2014.??.??"]

1. c4 e6 2. g3 d5 3. Bg2 Nf6 4. Nf3 Be7 5. O-O O-O 6. d4 Nbd7 7. Qc2 c6 8. Nbd2
b6 9. b3 Bb7 10. Bb2 Rc8 11. Rad1 c5 12. Qb1 Qc7 13. Qa1 Rfd8 14. cxd5 Bxd5 15.
Rfe1 Qb7 16. Nh4 Ne4 17. Nxe4 Bxe4 18. d5 Bxd5 19. e4 Bc6 20. Bxg7 f6 21. Bh6
Ne5 22. Bd2 Ng6 23. Nxg6 hxg6 24. Bc3 Kf7 25. h4 b5 26. Rxd8 Rxd8 27. Qc1 Kg7
28. h5 Rh8 29. hxg6 Qd7 30. Qf4 e5 31. Bxe5 Kxg6 32. Ba1 Kf7 33. e5 Qe6 34.
Bxc6 Qxc6 35. e6+ Kg7 36. Qg4+ Kf8 37. Qe4 Qxe4 38. Rxe4 Rh5 39. Kg2 Rd5 40. g4
Rd2 41. Rf4 Rxa2 42. Bxf6 Bxf6 43. g5 Ra6 44. Rxf6+ Ke7 45. Rf5 Rc6 46. Rf7+
Ke8 47. f4 Rxe6 48. Rxa7 Rc6 49. f5 c4 50. g6 Kf8 51. bxc4 bxc4 52. Kf3 c3 53.
Ra1 c2 54. Rc1 Kg7 55. Kf4 Kf6 56. Kg4 Rc4+ 57. Kh5 Rc3 58. Kg4 Rc4+ 59. Kh5
Rc3 60. Kg4 Rc4+ 1/2-1/2

[Event "USCL Week 8"]
[Site "Internet Chess Club"]
[Date "2014.10.15"]
[Round "?"]
[White "Naroditsky, Daniel"]
[Black "Holt, Conrad"]
[Result "1/2-1/2"]
[WhiteElo "2675"]
[BlackElo "2664"]
[PlyCount "127"]
[EventDate "2014.??.??"]

1. e4 e6 2. d4 d5 3. Nd2 Be7 4. Ngf3 Nf6 5. e5 Nfd7 6. Bd3 c5 7. c3 Nc6 8. O-O
c4 9. Bc2 b5 10. Re1 b4 11. Nf1 a5 12. Ng3 h5 13. h4 Bxh4 14. Nxh4 Qxh4 15. Be3
Nb6 16. Qd2 Qe7 17. Bg5 Qf8 18. Qf4 a4 19. Nf5 exf5 20. e6 fxe6 21. Qc7 Ne7 22.
Qxb6 Kf7 23. cxb4 Bd7 24. Qd6 Qd8 25. Re5 g6 26. Rxd5 Bc6 27. Qxd8 Rhxd8 28.
Rc5 Rd6 29. Rxc4 Ra7 30. a3 Rad7 31. Rd1 e5 32. Bxe7 Kxe7 33. Rxc6 Rxc6 34.
Bxa4 Rcd6 35. Bxd7 Kxd7 36. d5 Rb6 37. Rc1 Kd6 38. Rc6+ Rxc6 39. dxc6 Kxc6 40.
f4 exf4 41. Kf2 Kb5 42. b3 g5 43. Kf3 h4 44. Ke2 g4 45. Kf2 Kc6 46. a4 Kb6 47.
b5 Kc5 48. b4+ Kb6 49. Kg1 g3 50. Kf1 f3 51. gxf3 h3 52. f4 Kb7 53. a5 Ka7 54.
b6+ Kb7 55. b5 Kb8 56. a6 Ka8 57. b7+ Ka7 58. Kg1 Kb8 59. Kh1 Ka7 60. b6+ Kb8
61. Kg1 h2+ 62. Kh1 g2+ 63. Kxg2 h1=Q+ 64. Kxh1 1/2-1/2

[Event "USCL Week 8"]
[Site "Internet Chess Club"]
[Date "2014.10.15"]
[Round "?"]
[White "Koons, Nat"]
[Black "Miramontes, Robert"]
[Result "1-0"]
[WhiteElo "2293"]
[BlackElo "2221"]
[PlyCount "209"]
[EventDate "2014.??.??"]

1. d4 Nf6 2. Nf3 e6 3. c4 Bb4+ 4. Nc3 Bxc3+ 5. bxc3 d6 6. Qc2 Nbd7 7. e4 e5 8.
c5 O-O 9. cxd6 cxd6 10. Bd3 Re8 11. O-O Qc7 12. Re1 Nb6 13. Bg5 Nh5 14. Rac1 h6
15. Be3 Bg4 16. Nd2 Rac8 17. Qb1 Nf4 18. Bxf4 exf4 19. c4 Nd7 20. h3 Bh5 21.
Qb5 g5 22. Rb1 b6 23. h4 a6 24. Qf5 Bg6 25. Qh3 Kg7 26. Nf3 f6 27. g3 fxg3 28.
fxg3 Nf8 29. Rbd1 Qd7 30. Qxd7+ Nxd7 31. g4 Re7 32. Kf2 Bf7 33. Rc1 Nf8 34. h5
Ne6 35. Bf1 Nf4 36. d5 Be8 37. Nd4 Bd7 38. Kf3 Rc5 39. a4 Ra5 40. Rb1 Rxa4 41.
Rxb6 Ra3+ 42. Re3 Rxe3+ 43. Kxe3 Bxg4 44. Rxd6 f5 45. Kf2 fxe4 46. Ke3 Nxh5 47.
Be2 Nf6 48. Rxf6 Kxf6 49. Bxg4 Rc7 50. Nc6 a5 51. Nxa5 Rc5 52. Nb7 Rxc4 53. d6
Ke5 54. d7 Rc3+ 55. Ke2 Rd3 56. d8=Q Rxd8 57. Nxd8 Kf4 58. Bh5 g4 59. Ne6+ Kf5
60. Ng7+ Kf6 61. Ne8+ Kg5 62. Bf7 h5 63. Nd6 h4 64. Nxe4+ Kf5 65. Nf2 h3 66.
Ke3 h2 67. Nh1 Kg5 68. Kf2 Kf4 69. Kg2 g3 70. Nxg3 h1=Q+ 71. Nxh1 Ke5 72. Kf3
Kd4 73. Nf2 Ke5 74. Bg6 Kf6 75. Be4 Ke5 76. Ke3 Kf6 77. Kf4 Ke6 78. Nd3 Kf6 79.
Bf5 Kg7 80. Kg5 Kf7 81. Kf4 Kf6 82. Nc5 Kg7 83. Ke5 Kf7 84. Ne6 Ke7 85. Bg6 Kd7
86. Nd4 Ke7 87. Nc6+ Kd7 88. Kd5 Kc7 89. Bf7 Kb6 90. Nd4 Ka5 91. Kc5 Ka4 92.
Nb5 Ka5 93. Bb3 Ka6 94. Nd6 Ka5 95. Nb7+ Ka6 96. Bd5 Ka7 97. Kb5 Kb8 98. Kb6
Kc8 99. Be6+ Kb8 100. Nc5 Ka8 101. Bd5+ Kb8 102. Be6 Ka8 103. Bh3 Kb8 104. Na6+
Ka8 105. Bg2# 1-0

[Event "USCL Week 8"]
[Site "Internet Chess Club"]
[Date "2014.10.15"]
[Round "?"]
[White "Stukopin, Andrey"]
[Black "Cozianu, Costin"]
[Result "1/2-1/2"]
[WhiteElo "2631"]
[BlackElo "2466"]
[PlyCount "161"]
[EventDate "2014.??.??"]

1. e4 e5 2. Nf3 Nc6 3. Bc4 Bc5 4. c3 Nf6 5. d4 exd4 6. cxd4 Bb4+ 7. Bd2 Bxd2+
8. Nbxd2 d5 9. exd5 Nxd5 10. O-O O-O 11. Rc1 Bg4 12. h3 Bh5 13. Bxd5 Qxd5 14.
Qa4 Bxf3 15. Nxf3 Rad8 16. Rc5 Qe4 17. Re1 Qf4 18. Qb5 Nxd4 19. Nxd4 Rxd4 20.
Qxb7 Rd2 21. Rf1 Rfd8 22. g3 Qd4 23. Rxc7 Rxb2 24. Qf3 Qf6 25. Qxf6 gxf6 26.
Rxa7 Rdd2 27. a3 Ra2 28. Ra4 f5 29. Ra5 f4 30. gxf4 Rd3 31. Kg2 Raxa3 32. Rg5+
Kf8 33. Rg3 h5 34. Re1 Rxg3+ 35. fxg3 Kg7 36. Re5 Kg6 37. g4 hxg4 38. hxg4 Rb3
39. Rd5 Ra3 40. Kf2 f6 41. Rd6 Kf7 42. Rd7+ Ke6 43. Rd2 Kf7 44. Re2 Rb3 45. Re3
Rb4 46. Kg3 Ra4 47. Rc3 Rb4 48. Rc7+ Ke8 49. Kf3 Ra4 50. Ke3 Rb4 51. Ra7 Rc4
52. Ra5 Ke7 53. Rd5 Ke6 54. Rd4 Rc1 55. Re4+ Kf7 56. Ra4 Rc5 57. Ra7+ Ke8 58.
Ke4 Rb5 59. Rc7 Ra5 60. Rb7 Rc5 61. Kd4 Ra5 62. Ke4 Rc5 63. Kd4 Ra5 64. f5 Kf8
65. Rc7 Ra4+ 66. Kd5 Rxg4 67. Ke6 Ra4 68. Rc6 Kg7 69. Rc7+ Kf8 70. Rd7 Rb4 71.
Kxf6 Rb6+ 72. Kg5 Ra6 73. f6 Ra1 74. Kg6 Rg1+ 75. Kf5 Rf1+ 76. Kg6 Rg1+ 77. Kf5
Rf1+ 78. Ke6 Re1+ 79. Kf5 Rf1+ 80. Kg6 Rg1+ 81. Kf5 1/2-1/2

[Event "USCL Week 8"]
[Site "Internet Chess Club"]
[Date "2014.10.15"]
[Round "?"]
[White "Adamson, Robby"]
[Black "Korba, Nicky"]
[Result "1-0"]
[WhiteElo "2347"]
[BlackElo "2261"]
[PlyCount "125"]
[EventDate "2014.??.??"]

1. e4 e6 2. d4 d5 3. Nc3 Bb4 4. exd5 exd5 5. Bd3 Nc6 6. a3 Bxc3+ 7. bxc3 Nf6 8.
Qf3 h6 9. h3 O-O 10. Ne2 Re8 11. O-O Na5 12. Ng3 Nc4 13. Bf4 Nd6 14. Rfe1 Bd7
15. Be5 Nde4 16. Bxe4 Nxe4 17. Nxe4 dxe4 18. Rxe4 f6 19. Bf4 Rxe4 20. Qxe4 c6
21. c4 Qe8 22. Qd3 Qe6 23. c5 b5 24. cxb6 axb6 25. c4 Ra4 26. Rc1 Qe7 27. c5 b5
28. Bd2 Be6 29. Re1 Qd7 30. Bxh6 Rxd4 31. Qg6 Qf7 32. Qxg7+ Qxg7 33. Bxg7 Kf7
34. Bh6 Rc4 35. Rc1 Ra4 36. Rc3 b4 37. axb4 Rxb4 38. Be3 f5 39. Bg5 Kg6 40. Rg3
Rc4 41. Be7+ Kf7 42. Bd6 Rc1+ 43. Kh2 Rc2 44. Rf3 Kg6 45. Rf4 Kg5 46. Kg3 Rc3+
47. f3 Rc2 48. Rd4 Bc4 49. Bf4+ Kg6 50. Rd2 Rxd2 51. Bxd2 Bd3 52. Kh4 Be2 53.
Kg3 Bd3 54. Kf2 Bb5 55. g4 Ba6 56. h4 fxg4 57. fxg4 Bc8 58. Kg3 Be6 59. h5+ Kh7
60. Bc3 Bf7 61. Kh4 Be8 62. g5 Kg8 63. g6 1-0

[Event "USCL Week 9"]
[Site "Internet Chess Club"]
[Date "2014.10.21"]
[Round "?"]
[White "Ma, Whee Ky"]
[Black "Lee, Andy"]
[Result "1-0"]
[WhiteElo "2339"]
[BlackElo "2361"]
[PlyCount "27"]
[EventDate "2014.??.??"]

1. e4 e6 2. d4 d5 3. Nd2 Nc6 4. c3 Nf6 5. e5 Nd7 6. Bd3 Be7 7. Ne2 O-O 8. Nf4
Re8 9. h4 Bf8 10. Nf3 f5 11. Ng5 Ndxe5 12. dxe5 Nxe5 13. Qh5 g6 14. Qxh7# 1-0

[Event "USCL Week 9"]
[Site "Internet Chess Club"]
[Date "2014.10.21"]
[Round "?"]
[White "Golub, David"]
[Black "Klein, Ethan"]
[Result "1-0"]
[WhiteElo "2270"]
[BlackElo "2022"]
[PlyCount "115"]
[EventDate "2014.??.??"]

1. Nf3 d5 2. c4 dxc4 3. e3 Nc6 4. Bxc4 e5 5. Nc3 Bd6 6. Qc2 Bg4 7. Qb3 Qd7 8.
Bxf7+ Qxf7 9. Qxb7 Rb8 10. Qxc6+ Bd7 11. Qd5 Qxd5 12. Nxd5 Nf6 13. Nc3 O-O 14.
d3 Bf5 15. e4 Bg4 16. h3 Bxf3 17. gxf3 Nh5 18. Ke2 Rf7 19. b3 Rbf8 20. Be3 Nf4+
21. Bxf4 Rxf4 22. Rac1 Rxf3 23. Nd1 R3f7 24. Rc6 Bb4 25. Rg1 Ba5 26. Re6 Bb6
27. Rxe5 Bxf2 28. Rf1 Bd4 29. Rxf7 Bxe5 30. Rxf8+ Kxf8 31. Ne3 Kf7 32. Kf3 Ke6
33. Nc2 c5 34. b4 cxb4 35. Nxb4 Kd6 36. Nc2 Kc5 37. Kg4 Kb5 38. Kf5 Bc7 39.
Nd4+ Kb4 40. Nc6+ Kc3 41. Nxa7 Kxd3 42. e5 Kc4 43. e6 Bd8 44. Nc6 Bf6 45. e7
Bxe7 46. Nxe7 Kb4 47. Kg5 Ka3 48. Nf5 g6 49. Ne7 Kxa2 50. Nxg6 Kb3 51. h4 Kc4
52. h5 Kd5 53. Kf5 Kd6 54. Kf6 h6 55. Nh8 Kd7 56. Nf7 Ke8 57. Kg7 Ke7 58. Nxh6
1-0

[Event "USCL Week 9"]
[Site "Internet Chess Club"]
[Date "2014.10.21"]
[Round "?"]
[White "So, Wesley"]
[Black "Matikozyan, Andranik"]
[Result "1-0"]
[WhiteElo "2751"]
[BlackElo "2538"]
[PlyCount "61"]
[EventDate "2014.??.??"]

1. d4 Nf6 2. c4 g6 3. f3 Bg7 4. e4 d6 5. Ne2 O-O 6. Nbc3 Nc6 7. Be3 a6 8. Qd2
Rb8 9. Rc1 Bd7 10. d5 Ne5 11. Ng3 e6 12. Be2 b5 13. b3 bxc4 14. bxc4 c5 15. O-O
exd5 16. exd5 Rb4 17. Nd1 Qa5 18. h3 Qa4 19. Nc3 Qa3 20. Nb1 Qa4 21. Bd1 Nxc4
22. Rxc4 Rxc4 23. Bxa4 Bxa4 24. Bh6 Rd4 25. Qc1 Bxh6 26. Qxh6 Nxd5 27. Ne4 Bb5
28. Nbc3 Rxe4 29. Nxe4 Bxf1 30. Kxf1 c4 31. Qd2 1-0

[Event "USCL Week 9"]
[Site "Internet Chess Club"]
[Date "2014.10.21"]
[Round "?"]
[White "Panchanatham, Vignesh"]
[Black "Brodsky, David"]
[Result "1-0"]
[WhiteElo "2332"]
[BlackElo "2249"]
[PlyCount "93"]
[EventDate "2014.??.??"]

1. d4 d5 2. c4 c6 3. cxd5 cxd5 4. Nc3 Nf6 5. Bf4 Nc6 6. e3 Bf5 7. Rc1 e6 8. Qb3
Bb4 9. Bb5 Bxc3+ 10. Qxc3 Rc8 11. Qa3 Qb6 12. Bxc6+ Rxc6 13. Ne2 Rxc1+ 14. Nxc1
Qa6 15. Qxa6 bxa6 16. Bb8 O-O 17. Bxa7 Rc8 18. Bc5 a5 19. Nb3 a4 20. Nd2 Ne4
21. Ke2 Rb8 22. Ba3 Rc8 23. Rd1 f6 24. f3 Nxd2 25. Rxd2 Bb1 26. b3 axb3 27.
axb3 Bc2 28. b4 Ba4 29. Ra2 Rc2+ 30. Rxc2 Bxc2 31. b5 Ba4 32. b6 Bc6 33. Kd3
Kf7 34. g4 g6 35. h4 Ke8 36. Ke2 h6 37. Kf2 Bb7 38. Kg3 Kf7 39. Bd6 Kg8 40. h5
Kf7 41. Kf2 gxh5 42. gxh5 Ba6 43. Bf4 Kg7 44. Ke1 Bb7 45. Kd2 Ba6 46. Kc3 Bb7
47. Kb4 1-0

[Event "USCL Week 9"]
[Site "Internet Chess Club"]
[Date "2014.10.21"]
[Round "?"]
[White "Milat, Marcel"]
[Black "Benjamin, Joel"]
[Result "1/2-1/2"]
[WhiteElo "2357"]
[BlackElo "2634"]
[PlyCount "75"]
[EventDate "2014.??.??"]

1. d4 Nf6 2. c4 e6 3. g3 Bb4+ 4. Bd2 Qe7 5. Bg2 Nc6 6. d5 exd5 7. cxd5 Ne5 8.
Bxb4 Qxb4+ 9. Qd2 Qb6 10. b3 d6 11. Nc3 O-O 12. Nf3 Nxf3+ 13. Bxf3 Bh3 14. Qf4
h5 15. Qh4 Ng4 16. e3 Nxe3 17. Qxh3 Rae8 18. Be2 Qb4 19. Rc1 Qa3 20. Rb1 Qb4
21. Rc1 Nxd5 22. Qh4 Qa3 23. Qg5 Re5 24. Qd2 Rfe8 25. Rc2 Nb4 26. O-O Nxc2 27.
Qxc2 c6 28. Bf3 d5 29. Kg2 g6 30. h4 Re1 31. Ne2 Rxf1 32. Kxf1 Qd6 33. Kg2 Qf6
34. Nf4 Re1 35. Nd3 Re8 36. Nf4 Re1 37. Nd3 Re8 38. Nf4 1/2-1/2